| 000 | 00596nam a2200217Ia 4500 | ||
|---|---|---|---|
| 005 | 20241129110226.0 | ||
| 008 | 241129s9999||||xx |||||||||||||| ||und|| | ||
| 020 | _a978-1-03-252222-7 | ||
| 037 | _aTB | ||
| 040 |
_aARTS _beng _cARTS |
||
| 041 |
_aeng _2eng |
||
| 084 |
_aP:3 R4 _qARTS |
||
| 100 |
_aAcuna-Farina Carlos Au. _9727499 |
||
| 245 | 0 |
_aSyntactic processing: an overview _cAcuna-Farina Carlos Au. |
|
| 260 |
_aUK _bRoutledge _c2022 |
||
| 300 | _aix,237p. | ||
| 365 |
_aUKP _b35 |
||
| 650 |
_aLinguisticsGrammar _9727500 |
||
| 942 |
_cTB _hP:3 R4 |
||
| 999 |
_c1227789 _d1227789 |
||